00289nam a2200121Ia 4500008004100000041000900041082001500050100002200065245001700087260004800104300000700152650000800159230718s9999 xx 000 0 und d aEng. a340bLAT-P aLate M. Malik Mus 0aP.L.D (2012) aPakistanbAll Pakistan legal decisionc2011 a10 aLaw